000 00251nam a2200121 a 4500
005 20260322212009.0
008 data
092 _a087
100 1 _aElton John
245 1 0 _aGreatest hits
_cElton John.
260 _aNY, NY
_bPolyGram Records
_c1974
001 data
999 _c173
_d173